000 00659nam a22002297a 4500
999 _c15525
_d15525
003 MIRAKIL
005 20240301102516.0
008 240301b tu ||||| |||| 00| 0 tur d
020 _a9786059481533
040 _aTR-AnCHP
_cTR-AnCHP
041 _atur
082 _a811.42
_bS35g 2018
090 _a811.42 S35g 2018
100 _aDemirel, Kemal
245 1 0 _aGülümse /
_cKemal Demirel.
250 _a1. bs.
260 _aAnkara :
_bYason yayınları ;
_c2018.
300 _a94 s. :
_c19 cm.
650 0 _919
_aTürk edebiyatı
_xŞiir
856 _zDijital Nüshası için Partimizin Kütüphane Sorumlusu ile iletişime geçiniz.
942 _2ddc
_cBKS